|
|
|
|
| LEADER |
00000nab a2200000 a 4500 |
| 001 |
vtls000279396 |
| 003 |
SK-MaSNL |
| 005 |
20260318140639.0 |
| 008 |
160202c1986 xo 0 hun |
| 015 |
|
|
|a SNBRA19rr/mm-uuuuu
|
| 035 |
|
|
|a CL0289514
|
| 040 |
|
|
|a SNKBUCL
|b slo
|c SNKBUCL
|e AACR2
|
| 041 |
0 |
|
|a hun
|
| 044 |
|
|
|a xo
|c SK
|
| 080 |
|
|
|a 930.437.6
|2 1981
|
| 080 |
|
|
|a 943.76
|2 1981
|
| 080 |
|
|
|a 943.9
|2 1981
|
| 080 |
|
|
|a 911.37
|2 1981
|
| 100 |
1 |
|
|a Mácza, Mihály,
|d 1942-
|4 aut
|9 85986
|
| 245 |
1 |
0 |
|a Komárom a múzeumteremtés idöszakában (1870-1913)
|c Mihály Mácza
|
| 651 |
|
7 |
|a Komárno (Slovensko)
|2 snkbucl
|9 39168
|
| 655 |
|
7 |
|a články zo zborníkov
|2 snkbucl
|9 166140
|
| 773 |
0 |
|
|t A komáromi múzeum száz éve. Új Mindenes Gyüjtemény 5
|d Bratislava : Madách, 1986
|
| 850 |
|
|
|a Slovenská národná knižnica v Martine
|a MTA001
|
| 852 |
|
|
|a SNK
|b KIS3GCP
|
| 957 |
|
|
|a 5204
|
| 992 |
|
|
|a RZB
|
| 999 |
|
|
|c 1897821
|d 1899751
|